00584 2200217 4500001002100000005001500021035002000036007000300056008003900059020001900098082000800117084001400125100001000139245004600149250001400195260004900209300002500258500001200283650003200295650003900327INLIS00000000000337820221116075808 a0010-1122000065ta221116 | | |  a978979690997-1 a813 a813 HAM t0 aHamka1 aTenggelamnya Kapal Van Der Wijck /cHamka aCet. 1,-- aJakarta Timur. :bPT. Balai Pustaka.,c2013. a264. ;c14,5 x 21 cm aPenutup aDesain Cover, Gatot Santoso aDesain Isi, Fara dan Gatot Santoso